Uruguayské jednání GATT aneb nový jízdní řád mezinárodního obchodu

Niektoré problémové okruhy z výsledkov rokovania Uruguajského kola GATT. Prístup na trh. Poľnohospodárstvo. Služby. Dohoda o Svetovej obchodnej organizácii. Textil a ošatenie. Ochrana práv duševného vlastníctva. Antidumping. Politické a ekonomické aspekty výsledkov Uruguajského kola. Očakávané účink...

Descrizione completa

Salvato in:
Dettagli Bibliografici
Autore principale: Konečný, J.
Natura: Capitolo di libro
Lingua:ceco
Soggetti:
Tags: Aggiungi Tag
Nessun Tag, puoi essere il primo ad aggiungerne!!

MARC

LEADER 00000naa a2200000 4500
001 r016254
005 20221213082328.6
041 0 |a cze 
044 |a CZ 
245 1 0 |a Uruguayské jednání GATT aneb nový jízdní řád mezinárodního obchodu  |c J. Konečný 
520 |a Niektoré problémové okruhy z výsledkov rokovania Uruguajského kola GATT. Prístup na trh. Poľnohospodárstvo. Služby. Dohoda o Svetovej obchodnej organizácii. Textil a ošatenie. Ochrana práv duševného vlastníctva. Antidumping. Politické a ekonomické aspekty výsledkov Uruguajského kola. Očakávané účinky na obchod a národné príjmy. 
610 2 0 |a GATT 
610 2 0 |a obchod medzinárodný 
610 2 0 |a politika colná 
100 1 |a Konečný, J.